000 00463nam a2200157Ia 4500
008 240729s9999 xx 000 0 und d
022 _a1844-3265
245 0 _aRevista de Turism: Studii si Cercetari in Turism
260 _aRomania
260 _bUniversitatii Suceava
650 _a Geography (General)
650 _aGeography. Anthropology. Recreation
856 _uhttps://doaj.org/toc/88a87361ae2b4cbfa9b5acf8c8fca001
942 _2ddc
942 _cDOAJEJ
999 _c68727
_d68727
945 _a1
_bMadushi Gamage
_c1
_dMadushi Gamage